Urban tourism /

Introduction. The demand for urban tourism. The supply of urban tourism: services, infrastructure and activities. Analysing the impact of urban tourism: economic, socio-cultural and environmental perspectives...

Gardado en:
Detalles Bibliográficos
Autor Principal: Page, Stephen, 1963-
Formato: Libro
Idioma:English
Publicado: London ; New York : Routledge, 1995
Những chủ đề:
Các nhãn: Engadir etiqueta
Sen Etiquetas, Sexa o primeiro en etiquetar este rexistro!
Thư viện lưu trữ: Mạng thư viện Đại học Đà Nẵng
LEADER 01067cam a2200361 i 4500
001 000049112
003 8841
005 20021115451304.0
008 010316|1995 vm 000 eng
020 |a 0415112184 
040 |a IRC  |c IRC  |d IRC 
041 0 |a eng 
082 1 4 |a 338.4791091732  |b PA-S 
100 1 |a Page, Stephen,  |d 1963- 
245 0 0 |a Urban tourism /  |c Stephen Page 
260 |a London ; New York :  |b Routledge,  |c 1995 
300 |a xxi, 269 p. :  |b ill., maps;  |c 21cm 
520 3 |a Introduction. The demand for urban tourism. The supply of urban tourism: services, infrastructure and activities. Analysing the impact of urban tourism: economic, socio-cultural and environmental perspectives... 
630 0 4 |a Tourism 
630 0 4 |a Urban 
650 0 4 |a Tourism. 
650 0 4 |a Cities and towns. 
OWN |a DUT 
049 0 0 |a mt 
999 |a From the UDN01 
TYP |a Monograph 
TYP |a Printed language 
980 |a Mạng thư viện Đại học Đà Nẵng